000
00320nam a2200145Ia 4500
008
230718s9999 xx 000 0 und d
041
_a
Eng.
082
_a
342.5
_b
KAS-N
100
_a
Kasuri Javaid
245
0
_a
Nadra laws
260
_a
Pakistan
_b
omer law book
_c
2012
300
_a
214
650
_a
Law
999
_c
30474
_d
30474